Biggest towns of Fife - Statistics

General Stats
  • This quiz has been taken 113 times
  • The average score is 7 of 10
Answer Stats
Population Town % Correct
16,930 St. Andrews
96%
55,480 Dunfermline
92%
50,340 Kirkcaldy
90%
38,250 Glenrothes
88%
8,960 Cupar
69%
12,070 Cowdenbeath
66%
13,480 Rosyth
66%
9.440 Leven
65%
10,930 Methil
58%
9,760 Dalgety Bay
40%
No matching quizzes found
Score Distribution
Percent of People with Each Score
Percentile by Number Answered
Your Score History
You have not taken this quiz